| 000 | 00666cam a2200241 i 4500 | ||
|---|---|---|---|
| 999 |
_c4474 _d4474 |
||
| 001 | 502 | ||
| 003 | BD-DhUAP | ||
| 005 | 20201111121143.0 | ||
| 008 | 201111s1976 nyua 001 0 eng | ||
| 010 | _a 75026989 | ||
| 020 | _a0070323305 | ||
| 040 |
_aDLC _cDLC _dBD-DhUAP _bEng |
||
| 082 | 0 | 0 |
_a535.02 JEN _223 |
| 100 | 1 | _aJenkins, Francis A. | |
| 245 | 1 | 0 |
_aFundamentals of optics / _cFrancis A. Jenkins and Harvey E. White. |
| 250 | _a4th ed. | ||
| 260 |
_aNew York : _bMcGraw-Hill, _cc1976. |
||
| 300 |
_axx, 746 pages : _billustrations ; _c25 cm. |
||
| 500 | _aIncludes index. | ||
| 650 | 0 | _aOptics. | |
| 700 | 1 | _aWhite, Harvey Elliott. | |
| 942 |
_2ddc _cBK |
||